Theory and principles of education : (Record no. 3949)

MARC details
000 -LEADER
fixed length control field 00634nam a22002177a 4500
001 - CONTROL NUMBER
control field BD-DhSAU 3949
003 - CONTROL NUMBER IDENTIFIER
control field BD-DhSAU
005 - DATE AND TIME OF LATEST TRANSACTION
control field 20150210164306.0
008 - FIXED-LENGTH DATA ELEMENTS--GENERAL INFORMATION
fixed length control field 150210b1985 ii |||| |||| 000 0 eng d
040 ## - CATALOGING SOURCE
Original cataloging agency BD-DhSAU
082 ## - DEWEY DECIMAL CLASSIFICATION NUMBER
Edition number 22
Classification number 370.1901
Item number AGT
100 ## - MAIN ENTRY--PERSONAL NAME
Personal name Aggarwal, J C
245 ## - TITLE STATEMENT
Title Theory and principles of education :
Remainder of title philosophical and sociological bases of education /
Statement of responsibility, etc. J C Aggarwal
250 ## - EDITION STATEMENT
Edition statement 8th ed.
260 ## - PUBLICATION, DISTRIBUTION, ETC. (IMPRINT)
Place of publication, distribution, etc. India :
Name of publisher, distributor, etc. Vikas Publishing ,
Date of publication, distribution, etc. 1985.
300 ## - PHYSICAL DESCRIPTION
Extent viii, 414 p. :
Dimensions 22 cm.
590 ## - Name of Cataloguer
Name of Cataloger tamanna
650 ## - SUBJECT ADDED ENTRY--TOPICAL TERM
Topical term or geographic name as entry element education
650 ## - SUBJECT ADDED ENTRY--TOPICAL TERM
Topical term or geographic name as entry element philosophy-education
650 ## - SUBJECT ADDED ENTRY--TOPICAL TERM
Topical term or geographic name as entry element sociology-education
942 ## - ADDED ENTRY ELEMENTS (KOHA)
Source of classification or shelving scheme Dewey Decimal Classification
Koha item type Book
Holdings
Withdrawn status Lost status Source of classification or shelving scheme Damaged status Not for loan Home library Branch Name Shelving location Date acquired Total Checkouts Full call number Barcode Date last seen Price effective from Koha item type Collection code
    Dewey Decimal Classification     SAU Library SAU Library General Stacks 30/06/1992   370.1901 AGT 22785 10/02/2015 10/02/2015 Book  
    Dewey Decimal Classification     SAU Library SAU Library General Stacks 30/06/1992   370.1901 AGT 22784 11/02/2015 11/02/2015 Book  
    Dewey Decimal Classification   Not For Loan SAU Library SAU Library Reference 28/05/2015   370.1901 AGT 22786 28/05/2015 28/05/2015 Book Reference